Shiksha tattva adhyayan (Record no. 1906)

MARC details
000 -LEADER
fixed length control field 00437cam a2200181ua 4500
008 - FIXED-LENGTH DATA ELEMENTS--GENERAL INFORMATION
fixed length control field 110806n ii |||gr||||Z||||||asm
040 ## - CATALOGING SOURCE
Transcribing agency MAIN
082 ## - DEWEY DECIMAL CLASSIFICATION NUMBER
Classification number 370.1
100 ## - MAIN ENTRY--PERSONAL NAME
Personal name Baruah, Jatin,
245 1# - TITLE STATEMENT
Title Shiksha tattva adhyayan
Statement of responsibility, etc. by jatin Baruah
250 ## - EDITION STATEMENT
Edition statement 4th.
260 ## - PUBLICATION, DISTRIBUTION, ETC.
Place of publication, distribution, etc. Guahati:
Name of publisher, distributor, etc. Lawyers book stall,996.
300 ## - PHYSICAL DESCRIPTION
Extent 470p:
Dimensions 23cm.
942 ## - ADDED ENTRY ELEMENTS (KOHA)
Koha item type Books
653 ## - INDEX TERM--UNCONTROLLED
Uncontrolled term Educction
653 ## - INDEX TERM--UNCONTROLLED
Uncontrolled term Shiksha tattva adhyayan
Holdings
Withdrawn status Lost status Damaged status Not for loan Home library Current library Shelving location Date acquired Total Checkouts Full call number Barcode Date last seen Copy number Price effective from Koha item type
        Central Library, Naharkatiya College Central Library, Naharkatiya College General Stacks 19/09/2020   370.1 | BAR 11558 19/09/2020 3 19/09/2020 Books
        Central Library, Naharkatiya College Central Library, Naharkatiya College General Stacks 19/09/2020   370.1 | BAR 11560 19/09/2020 5 19/09/2020 Books
        Central Library, Naharkatiya College Central Library, Naharkatiya College General Stacks 19/09/2020   370.1 | BAR 11561 19/09/2020 2 19/09/2020 Books
        Central Library, Naharkatiya College Central Library, Naharkatiya College General Stacks 19/09/2020   370.1 | BAR 11563 19/09/2020 1 19/09/2020 Books
        Central Library, Naharkatiya College Central Library, Naharkatiya College General Stacks 19/09/2020   370.1 | BAR 11567 19/09/2020 4 19/09/2020 Books

Naharkatiya College © 2020. All rights reserved.

Powered By